Compared to what?: An introduction to the analysis of algorithms
The book covers a segment of the classical material on data structures and algorithms. It covers all the essentials of algorithms analyisis in an innovative problem-oriented style; focuses on the basic programming problem and works through a variety of options for its solution rather than simply sta...
সংরক্ষণ করুন:
| প্রধান লেখক: | |
|---|---|
| বিন্যাস: | গ্রন্থ |
| ভাষা: | Undetermined |
| প্রকাশিত: |
New York
Computer Science Press
1991
|
| বিষয়গুলি: | |
| ট্যাগগুলো: |
ট্যাগ যুক্ত করুন
কোনো ট্যাগ নেই, প্রথমজন হিসাবে ট্যাগ করুন!
|
| Thư viện lưu trữ: | Trung tâm Học liệu Trường Đại học Cần Thơ |
|---|
| LEADER | 00896nam a2200205Ia 4500 | ||
|---|---|---|---|
| 001 | CTU_32548 | ||
| 008 | 210402s9999 xx 000 0 und d | ||
| 020 | |b 514.000đ | ||
| 082 | |a 005.1 | ||
| 082 | |b R259 | ||
| 100 | |a Gregory J. E Rawlins | ||
| 245 | 0 | |a Compared to what?: An introduction to the analysis of algorithms | |
| 245 | 0 | |c Gregory J. E Rawlins | |
| 260 | |a New York | ||
| 260 | |b Computer Science Press | ||
| 260 | |c 1991 | ||
| 520 | |a The book covers a segment of the classical material on data structures and algorithms. It covers all the essentials of algorithms analyisis in an innovative problem-oriented style; focuses on the basic programming problem and works through a variety of options for its solution rather than simply stating a correct answer | ||
| 650 | |a computer algorithms | ||
| 904 | |i Minh, 990809 | ||
| 980 | |a Trung tâm Học liệu Trường Đại học Cần Thơ | ||